International financial statistics country notes 2011

Saved in:
Bibliographic Details
Corporate Author: International Monetary Fund. Statistics Department
Format: Book
Language:English
Published: Washington International Monetary Fund 2011
Subjects:
Tags: Add Tag
No Tags, Be the first to tag this record!

MARC

LEADER 00000nam$a2200000$$$4500
001 0141704
005 20240315115455.5
020 |a 978-1-61635-146-5 
022 |a 0250-7463 
041 0 |a eng 
044 |a US 
245 1 0 |a International financial statistics  |b country notes 2011 
264 1 |a Washington  |b International Monetary Fund  |c 2011 
300 |a v, 252 s. 
610 2 0 |a financie medzinárodné 
610 2 0 |a banky 
610 2 0 |a organizácie finančné 
610 2 0 |a likvidita medzinárodná 
610 2 0 |a kurz výmenný 
610 2 0 |a kurz devízový 
610 2 0 |a peniaze 
610 2 0 |a banky depozitné 
610 2 0 |a miera úroková 
610 2 0 |a ceny 
610 2 0 |a produkcia 
610 2 0 |a práca 
610 2 0 |a účty národné 
610 2 0 |a financie štátne 
610 2 0 |a štatistika finančná 
610 2 0 |a porovnanie medzinárodné 
610 2 0 |a Medzinárodný menový fond 
710 2 |a International Monetary Fund. Statistics Department